Statistics for Biggest Cities Starting With L

Click here to take the quiz!

General Stats

  • This quiz has been taken 84,601 times
    (5,950 since last reset)
  • The average score is 14 of 21

Answer Stats

CountryPopulationCity% Correct
United Kingdom14.9 milLondon
99%
Peru11.8 milLima
98%
Portugal2.50 milLisbon
98%
United States17.2 milLos Angeles
98%
Nigeria20.7 milLagos
97%
France2.03 milLyon
89%
Pakistan14.5 milLahore
88%
United Kingdom1.89 milLiverpool
87%
Angola9.35 milLuanda
87%
Bolivia2.28 milLa Paz
85%
United Kingdom2.15 milLeeds
84%
Zambia2.33 milLusaka
73%
United States2.38 milLas Vegas
69%
Togo2.55 milLomé
68%
India4.13 milLucknow
44%
D. R. Congo2.75 milLubumbashi
31%
China3.50 milLanzhou
28%
China3.60 milLuoyang
22%
China4.45 milLinyi
17%
India2.13 milLudhiana
13%
China2.43 milLiuzhou
11%

Score Distribution

Percentile by Number Answered

Percent of People with Each Score

Your Score History

You have not taken this quiz since the last reset